| 000 | 00451nam a22001697a 4500 | ||
|---|---|---|---|
| 999 |
_c524967 _d524967 |
||
| 003 | NUST | ||
| 038 | _awaseem | ||
| 082 |
_a891.42108 _bJAT |
||
| 100 |
_aJatoyi, Taalib _915766 |
||
| 245 |
_aBolda Koi Nahi / _cTaalib Jatoyi |
||
| 260 |
_aLahore : _bShirkat Printing Press, _c2010. |
||
| 300 | _a208 p. ; | ||
| 500 | _aHardcover. | ||
| 880 |
_6100-01\r _a طالب جتوئی |
||
| 880 |
_6245-02\r _aبولداکو ئی نہیں / |
||
| 942 |
_2ddc _cBK |
||